00249nam a2200109Ia 4500008004100000100001400041245003100055260002300086300000800109942000700117999001500124190216s9999||||xx |||||||||||||| ||und|| aMadan R.D 0aModern Inorganic Chemistry bS Chand & Coc1987 a156 cBK c2741d2741